| 000 | 00532nam a22001577a 4500 | ||
|---|---|---|---|
| 003 | NUST | ||
| 038 | _aNusrat Nadeem | ||
| 082 | _a200 | ||
| 100 |
_aImran, Ahsan _915612 |
||
| 245 |
_aRice production under heat stress: estimating the impact, nonlinearity and yield under future warming scenarios/ _cAhsan Imran, |
||
| 264 |
_aIslamabad: _bS3H NUST _c2026. |
||
| 650 |
_aMS-Economics _9123068 |
||
| 700 |
_aSupervisor: Dr. Muhammad Ali _9124901 |
||
| 856 | _uhttp://10.250.8.41:8080/xmlui/handle/123456789/57496 | ||
| 942 |
_2ddc _cSC |
||
| 999 |
_c617024 _d617024 |
||